000 nam a22 7a 4500
999 _c10745
_d10745
008 180223b ||||| |||| 00| 0 eng d
100 _aTripati,S.B.
_96593
245 _aABDS Labarotary Skills Mathematics-IX
260 _aABD
_bNew Delhi
_c2012